A forestry venture

Bibliographic Details
Main Author: HILEY (Wilfrid Edward)
Other Authors: Chalk
Format: Book
Published: London : Faber and Faber , 1964
Subjects:

MARC

LEADER 00000cam a2200000 7i4500
001 0000000380
005 20000808.0
090 0 0 |a 634.9   |b HIL 1964 
100 1 0 |a HILEY   |h W. E. [  |q (Wilfrid Edward)] 
245 1 2 |a A forestry venture   |c W. E. Hiley; an ppreciation by L. Chalk 
260 0 0 |a London :   |b Faber and Faber ,   |c 1964 
300 |a 240 p. :   |b ill., plates, folded map ;   |c 23 cm. 
500 0 0 |a Includes index 
650 0 0 |a Forests and forestry   |z Great Britain   |x Experimental areas 
651 0 0 |a Dartington Hall, Totnes, England 
700 0 1 |a Chalk   |h L. 
999 |a 0000001583   |b Monograph   |c Open Shelf   |e Default branch